| 000 | 00606nam a2200181Ia 4500 | ||
|---|---|---|---|
| 008 | 090630s9999 xx 000 0 und d | ||
| 082 | _b27588 | ||
| 100 | _aहरकारे अरुण. | ||
| 245 |
_aकोळयाचं जाळं. _cहरकारे अरुण. |
||
| 260 |
_bअक्षता - पुणे. _c2001 |
||
| 300 | _a192 | ||
| 600 | _aहरकारे अरुण. | ||
| 630 | _aकोळयाचं जाळं. | ||
| 655 | _aकादंबरी. | ||
| 700 | _aहरकारे अरुण. | ||
| 730 | _aकोळयाचं जाळं. | ||
| 942 | _cBOOK | ||
| 999 |
_c279444 _d279444 |
||